000 00710nam a2200289Ia 4500
005 20260324150303.0
008 008 260324s9999 xx 000 0 eng d
020 _a9781003482260
037 _aEBOOK
040 _aCRL
040 _beng
040 _cCRL
041 _2eng
041 _aeng
084 _qCRL
100 _a Fuzuli; Sofi Huri
_91225912
245 0 _aLeyla and Mejnun
245 0 _bwith a history of the poem, notes, and bibliography by Alessio Bombaci
260 _bTaylor and Francis
260 _c1970
365 _a
365 _b180
856 _uhttp://www.taylorfrancis.com/books/9781003482260
942 _cEBOOK
999 _c1835090
_d1835090